Protesta del Gobierno de Guatemala ante el Instituto Panamericano de Geografía e Historia por la publicación de un mapa de Honduras que afecta a la soberanía guatemalteca. (Record no. 123021)
[ view plain ]
| 000 -LEADER | |
|---|---|
| campo de control de longitud fija | 00734nam a2200193 4500 |
| 001 - NÚMERO DE CONTROL | |
| campo de control | 123021 |
| 003 - IDENTIFICADOR DE NÚMERO DE CONTROL | |
| campo de control | ES-MaACL |
| 005 - FECHA Y HORA DE LA ÚLTIMA TRANSACCIÓN | |
| campo de control | 20230906192108.0 |
| 007 - CAMPO FIJO DE DESCRIPCIÓN FÍSICA--INFORMACIÓN GENERAL | |
| campo de control de longitud fija | t| |
| 008 - DATOS DE LONGITUD FIJA--INFORMACIÓN GENERAL | |
| campo de control de longitud fija | 070214s1931 gt r ||||0| spa d |
| 110 2# - ENTRADA PRINCIPAL--NOMBRE DE ENTIDAD CORPORATIVA | |
| Nombre de entidad corporativa o nombre de jurisdicción como elemento de entrada | Guatemala. |
| Unidad subordinada | Gobierno. |
| 9 (RLIN) | 4552 |
| 245 10 - MENCIÓN DEL TÍTULO | |
| Título | Protesta del Gobierno de Guatemala ante el Instituto Panamericano de Geografía e Historia por la publicación de un mapa de Honduras que afecta a la soberanía guatemalteca. |
| 260 ## - PUBLICACIÓN, DISTRIBUCIÓN, ETC. | |
| Lugar de publicación, distribución, etc. | Guatemala : |
| Nombre del editor, distribuidor, etc. | [s. n.], |
| Fecha de publicación, distribución, etc. | Imp. Nacional ( |
| Fabricante | 1931) |
| 300 ## - DESCRIPCIÓN FÍSICA | |
| Extensión | 20 p ; |
| Dimensiones | 24 x 14 cm. |
| 490 1# - MENCIÓN DE SERIE | |
| Mención de serie | Publicaciones de la Comisión de Límites ; |
| Designación de volumen o secuencia | 22 |
| 830 0# - PUNTO DE ACCESO ADICIONAL DE SERIE-TÍTULO UNIFORME | |
| Título uniforme | Publicaciones de la Comisión de Límites ; |
| Designación de volumen o secuencia | 22 |
| 9 (RLIN) | 218903 |
| 852 ## - LOCALIZACIÓN | |
| Ubicación | ES-MaACL |
| Número de control de estantería | 1754-F-17 |
| Estatus retirado | Estado de pérdida | Estado de daño | No para préstamo | Colección | Biblioteca de origen | Biblioteca actual | Ubicación en estantería | Fecha de adquisición | Fuente de adquisición | Total de préstamos | Signatura topográfica completa | Código de barras | Visto por última vez | Precio de reemplazo | Tipo de ítem Koha |
|---|---|---|---|---|---|---|---|---|---|---|---|---|---|---|---|
| Colección de folletos | Biblioteca del Ateneo de Madrid | Biblioteca del Ateneo de Madrid | Depósito folletos | 17/01/2008 | 1754-F-17 | 1128192 | 23/02/2023 | 23/02/2023 | Folleto |
